| 000 | 00433nam a2200181Ia 4500 | ||
|---|---|---|---|
| 001 | 24367 | ||
| 005 | 20260414151038.0 | ||
| 008 | 260414t2005||||xx |||||||||||||| ||spa|| | ||
| 041 | _aESP | ||
| 082 |
_a345.7 _bA32 |
||
| 100 |
_aAguila Grados, Guido _eAUT |
||
| 245 | 0 |
_aEl abc del derecho procesal civil _b |
|
| 260 | _c2005 | ||
| 300 |
_a133 páginas : _c24 cm. |
||
| 650 | _aDER | ||
| 654 | _aCDE | ||
| 942 |
_cLIB _dJUS _fJUS _2ddc _n |
||
| 999 |
_c24367 _d24367 |
||